Normal view
MARC view
- Dallas, Eve
Entry Personal Name
001 - CONTROL NUMBER
- control field: 26452
003 - CONTROL NUMBER IDENTIFIER
- control field: NUST
005 - DATE AND TIME OF LATEST TRANSACTION
- control field: 20191203180211.0
008 - FIXED-LENGTH DATA ELEMENTS
- fixed length control field: 191203|| aca||aabn | a|a d
040 ## - CATALOGING SOURCE
- Original cataloging agency: NUST
- Transcribing agency: NUST
100 ## - HEADING--PERSONAL NAME
- Personal name: Dallas, Eve
- Titles and other words associated with a name: (Fictitious character)
670 ## - SOURCE DATA FOUND
- Source citation: Work cat.: (NUST)0: Robb, J. D., 1950- 11420, Naked in death /, 2004.
